Biblioteca

Larousse gramática lengua española : (Registro nro. 64445)

Detalles MARC
000 -LÍDER
Campo fijo de descripción fija 01629cam a2200433 i 4500
001 - NÚMERO DE CONTROL
Campo de control 768714001
003 - IDENTIFICADOR DEL NÚMERO DE CONTROL
Campo de control CO-MdFUSB
005 - FECHA Y HORA DE LA ULTIMA TRANSACCIÓN
control field 20210918123359.0
008 - ELEMENTOS DE LONGITUD FIJA -- INFORMACIÓN GENERAL
Campo fijo de descripción fija -- Información general 030701t2000 mx a 001 0 spa d
020 ## - NÚMERO INTERNACIONAL NORMALIZADO PARA LIBROS
Número Internacional Normalizado del libro 970220058X (pbk.) :
Términos de disponibilidad $9.00
020 ## - NÚMERO INTERNACIONAL NORMALIZADO PARA LIBROS
Número Internacional Normalizado del libro 9789702200581 (pbk.)
020 ## - NÚMERO INTERNACIONAL NORMALIZADO PARA LIBROS
Número Internacional Normalizado del libro 9706077359 (back cover)
020 ## - NÚMERO INTERNACIONAL NORMALIZADO PARA LIBROS
Número Internacional Normalizado del libro 9789706077356 (back cover)
040 ## - FUENTE DE CATALOGACIÓN
Agencia de catalogación original SFR
Agencia que realiza la transcripción CO-MdFUSB
Agencia que realiza la modificación CCS
Idioma de catalogación spa
Convenciones de la descripción rda
041 ## - CÓDIGO DE IDIOMA
Código de idioma para texto/pista de sonido o título separado spa
082 04 - NÚMERO DE CLASIFICACIÓN DECIMAL DEWEY
Número de clasificación 465
Clave de autor-Numero de item M966g
Número de la edición del Dewey 22
100 1# - ASIENTO PRINCIPAL--NOMBRE PERSONAL
Nombre personal Munguía Zataraín, Irma.
Término relacionador autor
245 10 - TÍTULO
Título del Material Larousse gramática lengua española :
Parte restante del título - Subtitulo reglas y ejercicios /
Mención de responsabilidad, etc. Irma Munguía Zatarain , Martha Elena Munguía Zatarain , Gilda Rocha Romero.
246 30 - FORMA VARIANTE DEL TITULO
Título propiamente dicho/forma breve del título Gramática lengua española :
Parte restante del título reglas y ejercicios.
250 ## - MENCIÓN DE EDICIÓN
Mención de edición 1a ed.
260 ## - PUBLICACIÓN, DISTRIBUCIÓN, ETC. (PIE DE IMPRENTA)
Nombre del editor, distribuidor, etc. Larousse,
264 #1 - PRODUCCIÓN, PUBLICACIÓN, DISTRIBUCIÓN, MANUFACTURA, Y COPYRIGHT
Lugar de producción, publicación, distribución, manufactura México, D.F. :
Nombre del productor, publicador, distribuidor Larousse,
Fecha de producción, publicación, distribución, manufactura, o copyright [2000]
264 #2 - PRODUCCIÓN, PUBLICACIÓN, DISTRIBUCIÓN, MANUFACTURA, Y COPYRIGHT
Fecha de producción, publicación, distribución, manufactura, o copyright © 2000
300 ## - DESCRIPCIÓN FÍSICA
Extensión vi, 284 páginas. :
Otros detalles físicos ilustraciones. ;
Dimensiones 24 cm.
336 ## - TIPO DE CONTENIDO
Fuente rdacontent
Término de tipo de contenido texto
Código de tipo de contenido txt
337 ## - TIPO DE MEDIO
Fuente rdamedia
Nombre del tipo de medio sin mediación
Código del tipo de medio n
338 ## - TIPO DE SOPORTE
Fuente rdacarrier
Nombre del tipo de soporte volumen
Código Tipo de soporte nc
500 ## - NOTA GENERAL
Nota General Publicado originalmente bajo el título: Larousse gramática de la lengua española : reglas y ejercicios.
500 ## - NOTA GENERAL
Nota General Includes indexes.
505 0# - NOTA DE CONTENIDO
Nota de contenido con formato preestablecido Presentacioń -- Fonet́ica y fonologiá -- Morfologiá -- Sintaxis.
563 ## - NOTA DE ENCUADERNACIÓN
Nota de encuadernación Rústico.
653 ## - TÉRMINO DE INDIZACIÓN - NO CONTROLADO
Término no controlado Lengua española -- Gramática
653 ## - TÉRMINO DE INDIZACIÓN - NO CONTROLADO
Término no controlado Lengua española -- Composición y ejercicios.
700 1# - ASIENTO SECUNDARIO - NOMBRE PERSONAL
Nombre personal Munguía Zatarain, Martha Elena.
Responsabilidad autor
700 1# - ASIENTO SECUNDARIO - NOMBRE PERSONAL
Nombre personal Rocha, Gilda.
Responsabilidad autor
700 1# - ASIENTO SECUNDARIO - NOMBRE PERSONAL
Nombre personal Munguía Zataraín, Irma.
Título del trabajo Larousse gramática de la lengua española.
942 ## - TIPO DE MATERIAL (KOHA)
Tipo de Item KOHA Libros de Referencia
945 ## - INFORMACIÓN LOCAL DEL REGISTRO
Catalogador Estudiante
Existencias
Estado de Material Estado de Perdido Forma de Clasificación Estado de Dañado No para Préstamo Colección Biblioteca de Origen Biblioteca Permanente Fecha de Adquisición Forma de Adquisición Costo-Precio Total de Préstamos Signatura Topográfica Código de Barras Última vez visto Última vez Préstado Ejemplar/Existencia Fecha de Remplazo Tipo de Material Total de Renovaciones
    Dewey Decimal Classification     Colección de Referencia Biblioteca FUSBC Biblioteca FUSBC 27/08/2018 Compra 20000.00 3 R 465 M966g 9603 12/12/2019 19/03/2019 Ej. 1 27/08/2018 Libros de Referencia  
    Dewey Decimal Classification     Colección de Referencia Biblioteca FUSBC Biblioteca FUSBC 27/08/2018 Compra 20000.00 4 R 465 M966g 9610 12/12/2019 17/04/2019 Ej. 2 27/08/2018 Libros de Referencia 1

Biblioteca FUSBC | Teléfono: (57+4) 349 88 10 Ext. 141| WhatsApp (+57) 3005338115 
E-mail: biblioteca@unisbc.edu.co | Calle 76 87-14 Robledo Palenque, Medellín, Colombia

Con tecnología Koha